| 000 | 00843nam a22002417a 4500 | ||
|---|---|---|---|
| 005 | 20100819113936.0 | ||
| 010 | _aENG-100937 | ||
| 020 |
_a9788120339699 _c325.00 |
||
| 035 | _aEN-84470 | ||
| 037 | _bDBAD/PUB | ||
| 082 | _a658.404 | ||
| 100 |
_aKamaraju Ramakrishna _915165 |
||
| 245 |
_aEssentials of project management / _cby Kamaraju Ramakrishna |
||
| 260 |
_aNew Delhi _bPHI Learning _c2010 |
||
| 270 |
_aM-97, Connaught Circus _bNew Delhi _e110001 |
||
| 300 |
_axvi, 312 p. _b24cm (Pbk) |
||
| 500 | _aIncludes bibliographical references and index | ||
| 650 |
_aProject management _915166 |
||
| 700 | _915115 | ||
| 700 | _915135 | ||
| 942 |
_2ddc _cEN _h658.404 _mKAM |
||
| 999 |
_c42541 _d42541 |
||